| 000 | 00512nam a2200205Ia 4500 | ||
|---|---|---|---|
| 005 | 20240613092837.0 | ||
| 008 | 131103s9999 xx 000 0 und d | ||
| 040 | _aLoreto College | ||
| 041 | _aEnglish | ||
| 082 |
_a574 _bALI |
||
| 100 | _aAli, Salim | ||
| 245 | 4 |
_aThe book of indian birds _cSalim Ali |
|
| 250 | _a7th. ed. | ||
| 260 |
_aBombay _bBombay natural history society _c1964 |
||
| 300 |
_ax1vi,158p. _b ill. |
||
| 504 | _aIncludes index | ||
| 650 | _aScience | ||
| 850 | _aLCBED | ||
| 942 | _cBK | ||
| 999 |
_c28370 _d78849 |
||